<?xml version="1.0" encoding="UTF-8"?>
<record
    xmlns:xsi="http://www.w3.org/2001/XMLSchema-instance"
    xsi:schemaLocation="http://www.loc.gov/MARC21/slim http://www.loc.gov/standards/marcxml/schema/MARC21slim.xsd"
    xmlns="http://www.loc.gov/MARC21/slim">

  <leader>02957cam a22003255i 4500</leader>
  <controlfield tag="001">18759405</controlfield>
  <controlfield tag="003">OSt</controlfield>
  <controlfield tag="005">20180116192431.0</controlfield>
  <controlfield tag="008">150825s2015    nyuae    b    000 0 eng d</controlfield>
  <datafield tag="010" ind1=" " ind2=" ">
    <subfield code="a">  2015472140</subfield>
  </datafield>
  <datafield tag="020" ind1=" " ind2=" ">
    <subfield code="a">9780714868950 (hardback)</subfield>
  </datafield>
  <datafield tag="020" ind1=" " ind2=" ">
    <subfield code="a">0714868957 (hardback)</subfield>
  </datafield>
  <datafield tag="035" ind1=" " ind2=" ">
    <subfield code="a">(OCoLC)ocn908200393</subfield>
  </datafield>
  <datafield tag="040" ind1=" " ind2=" ">
    <subfield code="a">IMF</subfield>
    <subfield code="b">eng</subfield>
    <subfield code="e">rda</subfield>
    <subfield code="c">IMF</subfield>
    <subfield code="d">YDXCP</subfield>
    <subfield code="d">BTCTA</subfield>
    <subfield code="d">BDX</subfield>
    <subfield code="d">ERASA</subfield>
    <subfield code="d">CDX</subfield>
    <subfield code="d">IMD</subfield>
    <subfield code="d">GZN</subfield>
    <subfield code="d">LNT</subfield>
    <subfield code="d">VZQ</subfield>
    <subfield code="d">DLC</subfield>
  </datafield>
  <datafield tag="042" ind1=" " ind2=" ">
    <subfield code="a">lccopycat</subfield>
  </datafield>
  <datafield tag="050" ind1="0" ind2="0">
    <subfield code="a">NA4600</subfield>
    <subfield code="b">.P35 2015</subfield>
  </datafield>
  <datafield tag="082" ind1="0" ind2="0">
    <subfield code="a">726.09051</subfield>
    <subfield code="2">23</subfield>
  </datafield>
  <datafield tag="100" ind1="1" ind2=" ">
    <subfield code="a">Pallister, James,</subfield>
    <subfield code="e">author.</subfield>
    <subfield code="9">8236</subfield>
  </datafield>
  <datafield tag="245" ind1="1" ind2="0">
    <subfield code="a">Sacred spaces :</subfield>
    <subfield code="b">contemporary religious architecture /</subfield>
    <subfield code="c">James Pallister.</subfield>
  </datafield>
  <datafield tag="260" ind1=" " ind2=" ">
    <subfield code="a">london.</subfield>
    <subfield code="b">phaidon:</subfield>
    <subfield code="c">2015.</subfield>
  </datafield>
  <datafield tag="300" ind1=" " ind2=" ">
    <subfield code="a">239 pages :</subfield>
    <subfield code="b">illustrations (chiefly color), plans ;</subfield>
    <subfield code="c">30 cm</subfield>
  </datafield>
  <datafield tag="504" ind1=" " ind2=" ">
    <subfield code="a">Includes bibliographical references (page 234) and index.</subfield>
  </datafield>
  <datafield tag="505" ind1="0" ind2=" ">
    <subfield code="a">Congregation. Cardboard Cathedral : Shigeru Ban -- K&#xE4;rs&#xE4;m&#xE4;ki Shingle Church : Office for Peripheral Architecture -- Wooden church : Beton -- De La Piedra Chapel : N&#xF3;mena Arquitectos + Ximena Alvarez -- Church of Seed : O Studio Architects -- Shrine of the Virgin of La Antigua : Otxotorena Arquitectos -- Clarity. Meiso No Mori Municipal Funeral Hall : Toyo Ito &amp; Associates, architects -- Chandgaon Mosque : Kashef Chowdhury, URBANA -- St Moritz Church : John Pawson -- White Chapel : Jun Aoki &amp; Associates -- Buddhist Meditation Centre Metta Vihara : bureau SLA -- Church of Water and Light : Itami Jun Architects -- Mass. Jewish Community Centre, Synagogue and Museum : Wandel Hoefer Lorch Architekten -- Beth Sholom Synagogue : Stanley Saitowitz, Natoma Architects -- Rituals Crematorium : +udeb arquitectos -- Dutch Reformed Church : Claus van Wageningen Architecten -- Brother Kalus Field Chapel : Peter Zumthor -- LJG Synagogue : SeARCH -- Reflection. Prayer and Meditation Pavilion : studio tamassociati -- Islamic Cemetery : Bernardo Bader Architekten -- Gubbio Cemetery : Andrea Dragoni Architetto + Francesco Pes -- Water-Moon Monastery : Kris Yao, Artech -- Ingelheim Funeral Chapel : Bayer &amp; Strobel Architekten -- Creamatorium for GKD Charity Trust : Mancini Enterprises -- Revelation. Sunset Chapel : BNKR Arquitectura -- Pope John Paul II Hall : Randi&#x107; Turato -- Chushin-Ji Temple priest's quarters : Katsuhiro Miyamoto &amp; Associates -- Pilgrim route shelters : Luis Aldrete -- Capilla Del Retiro : Undurraga Dev&#xE9;s Arquitectos -- Kuokkala Church : Office for Peripheral Architecture.</subfield>
  </datafield>
  <datafield tag="520" ind1=" " ind2=" ">
    <subfield code="a">Sacred Spaces showcases 30 of the most breathtaking, innovative, iconic and undiscovered examples of contemporary religious architecture, including work by well known architects alongside emerging designers.--</subfield>
  </datafield>
  <datafield tag="650" ind1=" " ind2="0">
    <subfield code="a">Religious architecture.</subfield>
    <subfield code="9">8237</subfield>
  </datafield>
  <datafield tag="650" ind1=" " ind2="0">
    <subfield code="a">Architecture, Modern</subfield>
    <subfield code="y">21st century.</subfield>
    <subfield code="9">8238</subfield>
  </datafield>
  <datafield tag="906" ind1=" " ind2=" ">
    <subfield code="a">7</subfield>
    <subfield code="b">cbc</subfield>
    <subfield code="c">copycat</subfield>
    <subfield code="d">2</subfield>
    <subfield code="e">ncip</subfield>
    <subfield code="f">20</subfield>
    <subfield code="g">y-gencatlg</subfield>
  </datafield>
  <datafield tag="942" ind1=" " ind2=" ">
    <subfield code="2">ddc</subfield>
    <subfield code="c">BK</subfield>
  </datafield>
  <datafield tag="999" ind1=" " ind2=" ">
    <subfield code="c">354116</subfield>
    <subfield code="d">354116</subfield>
  </datafield>
  <datafield tag="952" ind1=" " ind2=" ">
    <subfield code="0">0</subfield>
    <subfield code="1">0</subfield>
    <subfield code="2">ddc</subfield>
    <subfield code="4">0</subfield>
    <subfield code="7">0</subfield>
    <subfield code="a">SADA</subfield>
    <subfield code="b">SADA</subfield>
    <subfield code="d">2016-03-31</subfield>
    <subfield code="l">1</subfield>
    <subfield code="o">726.09051 PAL 2015</subfield>
    <subfield code="p">SADA0002522</subfield>
    <subfield code="r">2016-06-30</subfield>
    <subfield code="s">2016-06-21</subfield>
    <subfield code="v">4839.70</subfield>
    <subfield code="w">2016-04-04</subfield>
    <subfield code="y">BK</subfield>
  </datafield>
</record>
